000
00266nam a2200097Ia 4500
001
758640
005
20250826164900.0
008
250824s9999 xx 000 0 und d
245
0
_a
GULYABANİ GÖNÜL TİCARETİ
_c
HÜSEYİN RAHMİ GÜRPINAR
260
_b
EVEREST YAYINLARI
999
_c
758640
_d
758640